00558nam a2200169Ia 4500003000900000008004100009040001600050080002500066245014900091260003400240300001500274650001600289650001900305650001900324700002500343700002000368IN-BaIIA211028s9999 xx 000 0 eng d cIIA Library a047.1:621.38bAEE-23 0aAdvances in electronics and electron physicsbvol. 23cedited by L. Marton and Claire Marton  aNewyorkbAcademic Pressc1967 axii, 490p. aElectronics aElectrophysics aNASA Thesaurus aMarton, Claire., ed. aMarton, L., ed.